Baby-sitters' winter vacation / (Record no. 1178)

MARC details
000 -LEADER
fixed length control field 01301cam a22003613a 4500
005 - DATE AND TIME OF LATEST TRANSACTION
control field 20250619152147.0
020 ## - INTERNATIONAL STANDARD BOOK NUMBER
International Standard Book Number 9780590424998 (pbk.)
020 ## - INTERNATIONAL STANDARD BOOK NUMBER
International Standard Book Number 9780590439732
020 ## - INTERNATIONAL STANDARD BOOK NUMBER
International Standard Book Number 0590424998 (pbk.)
020 ## - INTERNATIONAL STANDARD BOOK NUMBER
International Standard Book Number 0590439731
040 ## - CATALOGING SOURCE
Original cataloging agency VPL
Transcribing agency VPL
Modifying agency OCL
-- OCLCQ
-- BTCTA
-- YDXCP
-- OCLCG
-- GRR
-- AU@
-- VVW
-- XY4
-- NOB
-- BAKER
-- ZRS
-- NZHWP
-- W6R
-- DLC
Language of cataloging eng
050 00 - LIBRARY OF CONGRESS CALL NUMBER
Classification number PZ7.G6578
082 ## - DEWEY DECIMAL CLASSIFICATION NUMBER
Classification number Fic
100 1# - MAIN ENTRY--PERSONAL NAME
Personal name Martin, Ann M.
Dates associated with a name 1955-
245 10 - TITLE STATEMENT
Title Baby-sitters' winter vacation /
Statement of responsibility, etc. Ann M. Martin.
260 ## - PUBLICATION, DISTRIBUTION, ETC.
Place of publication, distribution, etc. New York :
Name of publisher, distributor, etc. Scholastic,
Date of publication, distribution, etc. 1989
300 ## - PHYSICAL DESCRIPTION
Extent 230 pages :
Other physical details illustrations ;
Dimensions 20 cm
490 1# - SERIES STATEMENT
Series statement Baby-sitters club super special ;
Volume/sequential designation 03
490 0# - SERIES STATEMENT
Series statement Apple Paperback
490 0# - SERIES STATEMENT
Series statement America's Favorite Series!
500 ## - GENERAL NOTE
General note "An Apple paperback."
505 ## - FORMATTED CONTENTS NOTE
Formatted contents note R <br/>
520 ## - SUMMARY, ETC.
Summary, etc. When Jack Frost arrives, the members of the Baby-Sitters Club head for the snow-covered mountains with their skis, skates, snowsuits, and boots in tow, on the lookout for winter fun and male skiers.
521 8# - TARGET AUDIENCE NOTE
Target audience note 760 <br/>
Source Lexile <br/>
521 8# - TARGET AUDIENCE NOTE
Target audience note R <br/>
Source Raz-Plus <br/>
650 #0 - SUBJECT ADDED ENTRY--TOPICAL TERM
Topical term or geographic name entry element Babysitters
Form subdivision Juvenile fiction.
650 #1 - SUBJECT ADDED ENTRY--TOPICAL TERM
Topical term or geographic name entry element Baby sitters
Form subdivision Fiction.
650 #1 - SUBJECT ADDED ENTRY--TOPICAL TERM
Topical term or geographic name entry element Girls
Form subdivision Fiction.
650 #1 - SUBJECT ADDED ENTRY--TOPICAL TERM
Topical term or geographic name entry element Girl's club
Form subdivision Fiction.
906 ## - LOCAL DATA ELEMENT F, LDF (RLIN)
a 7
b cbc
c copycat
d 2
e ncip
f 20
g y-genrareb
942 ## - ADDED ENTRY ELEMENTS (KOHA)
Source of classification or shelving scheme Dewey Decimal Classification
Koha item type Books
Suppress in OPAC No
999 ## -
-- 1178
-- 1178
Holdings
Withdrawn status Lost status Source of classification or shelving scheme Damaged status Not for loan Collection Home library Current library Shelving location Date acquired Total Checkouts Full call number Barcode Date last seen Price effective from Koha item type Copy number
    Dewey Decimal Classification     Juvenile Fiction Footprints International School Library Network Toul Tom Poung Campus Footprints International School Library Network Toul Tom Poung Campus TTP Primary Orange Bookshelves 08/07/2023   MAR Fic PZ7.M3567585 FISBK05179 08/07/2023 08/07/2023 Books  
    Dewey Decimal Classification     Juvenile Fiction Footprints International School Library Network Toul Tom Poung Campus Footprints International School Library Network Toul Tom Poung Campus TTP Primary Orange Bookshelves 06/19/2025   MAR Fic PZ7.M3567585 2025-1678 06/19/2025 06/19/2025 Books 2